Evaluation of citizenship training and incentive in American colleges and universities /

Bibliographic Details
Main Author: Reed, Thomas Harrison, 1881-
Corporate Author: New York University. School of Law. Citizenship Clearing House
Other Authors: Reed, Doris Darmstadter
Format: Book
Language:English
Published: [New York] : Citizenship Clearing House, [1950]
Subjects:

MARC

Tag First Indicator Second Indicator Subfields
LEADER 00000cam a2200000 4500
001 in00000063748
005 20151008050648.0
008 731011s1950 nyu 00000 eng u
010 |a  50003566  
035 |a (OCoLC)00716825 
035 |9 AAG2466AM 
040 |c MDY  |d TXA  |d UtOrBLW 
049 |a TXAM  |c [451580] 
050 0 0 |a H62  |b .R37 
092 |a 323.607  |b R326e 
100 1 |a Reed, Thomas Harrison,  |d 1881- 
245 1 0 |a Evaluation of citizenship training and incentive in American colleges and universities /  |c by Thomas H. Reed and Doris D. reed, together with a synopsis of suggestions made in several regional conferences on the subject of citizenship training. 
264 1 |a [New York] :  |b Citizenship Clearing House,  |c [1950] 
300 |a 64 pages :  |b folded tables. ;  |c 23 cm. 
336 |a text  |b txt  |2 rdacontent 
337 |a unmediated  |b n  |2 rdamedia 
338 |a volume  |b nc  |2 rdacarrier 
500 |a Analysis of a questionnaire sent by the Citizenship Clearing House to the member institutions of the Association of American Colleges. 
650 0 |a Civics  |x Study and teaching. 
700 1 |a Reed, Doris Darmstadter. 
710 2 |a New York University.  |b School of Law.  |b Citizenship Clearing House. 
999 |a MARS 
999 f f |s f4574e62-840e-3953-8f83-dee7ed9b6d13  |i 01639bc4-ab99-3cc4-b76c-cec4046ecc63  |t 0 
952 f f |p ric  |a Texas A&M University  |b Rellis Campus  |c Joint Library Facility  |d Remote Storage  |t 0  |e H62 .R37  |h Library of Congress classification  |i unmediated -- volume  |m A14800667477 
998 f f |a H62 .R37  |t 0  |l Remote Storage